000
00224nam a22000857a 4500
008
160912b xxu||||| |||| 00| 0 eng d
100
_9
381
_a
DEV. A.N
245
_a
Grammer Power Book-6
260
_a
New Delhi
_b
Srijan Publishers
_c
2010
999
_c
3039
_d
3039